10 Pays d'Europe aléatoires sur une carte vierge - Statistiques

Statistiques générales
  • Ce quiz a été pris 5 545 fois
  • Le résultat moyen est 8 sur 10
Réponses sur la Carte
Les réponses sont colorées sur une échelle allant du rouge au vert en fonction du pourcentage des utilisateurs qui les ont devinées à leur premier essai. Vous pouvez retrouver ces pourcentages ci-dessous.
 
Statistiques - réponses
Pays % Correct
France
100%
Espagne
99%
Italie
99%
Norvège
96%
Royaume-Uni
96%
Russie
96%
Portugal
95%
Suède
95%
Allemagne
93%
Grèce
93%
Islande
93%
Suisse
93%
Irlande
92%
Ukraine
89%
Belgique
87%
Finlande
87%
Pologne
87%
Croatie
84%
Andorre
83%
Autriche
83%
Pays-Bas
83%
Danemark
81%
Lettonie
80%
Monaco
79%
Roumanie
79%
Estonie
78%
Vatican
78%
Luxembourg
77%
Malte
77%
Lituanie
76%
Biélorussie
75%
Saint-Marin
73%
Albanie
71%
République tchèque
70%
Hongrie
69%
Kosovo
69%
Moldavie
68%
Slovaquie
68%
Bosnie-Herzégovine
67%
Liechtenstein
67%
Macédoine du Nord
67%
Monténégro
66%
Serbie
66%
Slovénie
65%
Bulgarie
63%
Aucun quiz correspondant
Distribution des résultats
% des personnes avec chaque résultat
Percentile par nombre de réponses
Votre historique - résultats
Vous n’avez pas pris ce quiz